<?xml version="1.0" encoding="UTF-8"?>
<collection xmlns="http://www.loc.gov/MARC21/slim">
  <record>
    <leader>00000nam  2200000   4500</leader>
    <controlfield tag="001">INLIS000000000015759</controlfield>
    <controlfield tag="005">20230831032815</controlfield>
    <datafield tag="035" ind1="#" ind2="#">
      <subfield code="a">0010-0823000085</subfield>
    </datafield>
    <datafield tag="245" ind1="1" ind2="#">
      <subfield code="a">Pemberantasan Tindak Pidana Korupsi Melalui Upaya Koordinasi Dengan Cara Kolaborasi Satgas Pencegahan dan Satgas Penindakan Pada Kedeputian Koordinasi dan Supervisi KPK /</subfield>
      <subfield code="c">Mochamad Wiraksajaya</subfield>
    </datafield>
    <datafield tag="100" ind1=" " ind2="#">
      <subfield code="a">Mochamad Wiraksajaya</subfield>
    </datafield>
    <datafield tag="250" ind1="#" ind2="#">
      <subfield code="a">1</subfield>
    </datafield>
    <datafield tag="300" ind1="#" ind2="#">
      <subfield code="a">33 halaman :</subfield>
      <subfield code="b">ilus ;</subfield>
      <subfield code="c">30 cm</subfield>
    </datafield>
    <datafield tag="856" ind1="#" ind2="#">
      <subfield code="a">Perpustakaan LAN Pusat</subfield>
    </datafield>
    <datafield tag="260" ind1="#" ind2="#">
      <subfield code="a">Jakarta :</subfield>
      <subfield code="b">Pusbangkom Pimnas dan Manajerial ASN,</subfield>
      <subfield code="c">2022</subfield>
    </datafield>
    <datafield tag="084" ind1="#" ind2="#">
      <subfield code="a">R 175 PIM II 2022</subfield>
    </datafield>
    <datafield tag="650" ind1="#" ind2="4">
      <subfield code="a">Korupsi</subfield>
    </datafield>
    <datafield tag="520" ind1="#" ind2="#">
      <subfield code="a">Kedeputian Koordinasi dan Supervisi yang didalamnya terdapat 5 Direktorat dan masing-masing Direktorat mempunyai Satgas Pencegahan (Pelayanan Publik) dan Satgas Penindakan (Penegakan Hukum) yang masing-masing melakukan tugasnya sesuai dengan bidang masing-masing karena satgas pelayanan public melakukan koordinasi dengan instansi yang melakukan pelayanan public dan satgas penegakan hokum melakukan koordinasi dan supervisi aparat penegak hukum yaitu Kepolisian dan Kejaksaan. Berdasarkan hal tersebut terlihat bahwa pemberantasan korupsi tersebut belum optimal sehingga perlu dicari solusinya. Ruang lingkup proyek ini adalah informasi atau laporan adanya kasus penyimpangan yang akan ditelaah atau diperoses sesuai dengan hukum dan ketentuan yang berlaku antara lain terkait administrasi, perdata atau dugaan tindakl pidana korupsi.</subfield>
    </datafield>
  </record>
</collection>
